<The> economies of Eastern Europe and their foreign economic relations colloquium 9-11 april 1986 Brussels
Saved in:
| Other Authors: | |
|---|---|
| Format: | Book |
| Language: | English |
| Published: |
Brussels
NATO Economics Directorate and Office of Information and Press
1987
|
| Subjects: | |
| Tags: |
No Tags, Be the first to tag this record!
|
MARC
| LEADER | 00000nam a2200000 4500 | ||
|---|---|---|---|
| 001 | c103099 | ||
| 005 | 20221123135254.0 | ||
| 020 | |a 92-845-0033-8 | ||
| 041 | 0 | |a eng | |
| 044 | |a BE | ||
| 245 | 1 | 0 | |a <The> economies of Eastern Europe and their foreign economic relations |b colloquium 9-11 april 1986 Brussels |c Philip Joseph editor |
| 264 | 1 | |a Brussels |b NATO Economics Directorate and Office of Information and Press |c 1987 | |
| 300 | |a 363 s. | ||
| 610 | 2 | 0 | |a politika hospodárska medzinárodná |
| 610 | 2 | 0 | |a situácia hospodárska |
| 700 | 1 | |a Joseph, Philip | |